Entrez les marques de voitures allemandes - Statistiques

Statistiques générales
  • Ce quiz a été pris 220 fois
  • Le résultat moyen est 6 sur 6
Statistiques - réponses
Par images Réponse % Correct
MERCEDES
100%
BMW
99%
AUDI
98%
OPEL
98%
PORSCHE
98%
VOLKSWAGEN
93%
Aucun quiz correspondant
Distribution des résultats
% des personnes avec chaque résultat
Percentile par nombre de réponses
Votre historique - résultats
Vous n’avez pas pris ce quiz